000 00658nam a2200265Ia 4500
005 20260121173649.0
008 008 260114s9999 xx 000 0 eng d
020 _a9789463001038
037 _aEBOOK
040 _aCRL
040 _beng
040 _cCRL
041 _2eng
041 _aeng
084 _qCRL
100 _aMarcelo Maina Brock Craft Yishay Mor
_91103663
245 4 _aThe Art & Science of Learning Design
260 _bSpringer
260 _bSpringer
260 _c2015
856 _uhttps://link.springer.com/openurl?genre=book&isbn=978-94-6300-103-8
942 _cEBOOK
999 _c1669411
_d1669411